Score 0/11 Timer 02:00
0 Plays Today
Hint Answer % Correct
CKAJJack
99%
LAWCClaw
93.5%
LABL EPENBall Peen
82.8%
WROTHThrow
82.6%
TEASMSteam
75.1%
GEDSLESledge
71.3%
LEVTEVVelvet
64.4%
Word in common with all of the above:Hammer
52.4%
RAMFGNIFraming
46.9%
ROSHTThor's
31.1%
LEUSMALMalleus
10.6%
Remove Ads.
Support Sporcle.
Get the best of Sporcle when you Go Orange. This ad-free experience offers more features, more stats, and more fun while also helping to support Sporcle. Thank you for becoming a member.

You're not logged in!

Compare scores with friends on all Sporcle quizzes.
OR
Log In

Show Comments

Extras

Top Quizzes Today


Score Distribution

Your Account Isn't Verified!

In order to create a playlist on Sporcle, you need to verify the email address you used during registration. Go to your Sporcle Settings to finish the process.

Report this User

Report this user for behavior that violates our Community Guidelines.

Details: